MARC details
| 000 -LEADER |
| fixed length control field |
01849cam a2200373 a 4500 |
| 001 - CONTROL NUMBER |
| control field |
13138252 |
| 003 - CONTROL NUMBER IDENTIFIER |
| control field |
ARRUPE |
| 005 - DATE AND TIME OF LATEST TRANSACTION |
| control field |
20211103110330.0 |
| 008 - FIXED-LENGTH DATA ELEMENTS--GENERAL INFORMATION |
| fixed length control field |
030326s2002 enk b 001 0 eng |
| 010 ## - LIBRARY OF CONGRESS CONTROL NUMBER |
| LC control number |
2003267540 |
| 015 ## - NATIONAL BIBLIOGRAPHY NUMBER |
| National bibliography number |
GBA2-Z8771 |
| 020 ## - INTERNATIONAL STANDARD BOOK NUMBER |
| International Standard Book Number |
0340762454 |
| 035 ## - SYSTEM CONTROL NUMBER |
| System control number |
(OCoLC)ocm48628115 |
| 040 ## - CATALOGING SOURCE |
| Original cataloging agency |
UKM |
| Transcribing agency |
UKM |
| Modifying agency |
MBB |
| -- |
LHM |
| -- |
VVC |
| -- |
C#P |
| -- |
DLC |
| 041 1# - LANGUAGE CODE |
| Language code of text/sound track or separate title |
eng |
| Language code of original and/or intermediate translations of text |
ita |
| 042 ## - AUTHENTICATION CODE |
| Authentication code |
lccopycat |
| 050 00 - LIBRARY OF CONGRESS CALL NUMBER |
| Classification number |
DS135.E83 |
| Item number |
C6713 2002 |
| 300 ## - PHYSICAL DESCRIPTION |
| Dimensions |
24 cm. |
| 100 1# - MAIN ENTRY--PERSONAL NAME |
| Personal name |
Corni, Gustavo, |
| Dates associated with a name |
1952- |
| 9 (RLIN) |
50941 |
| 240 10 - UNIFORM TITLE |
| Uniform title |
<a href="Ghetti di Hitler.">Ghetti di Hitler.</a> |
| Language of a work |
English |
| 245 10 - TITLE STATEMENT |
| Title |
Hitler's ghettos : |
| Remainder of title |
voices from a beleaguered society, 1939-1944 / |
| Statement of responsibility, etc |
Gustavo Corni ; translated from the Italian by Nicola Rudge Iannelli. |
| 260 ## - PUBLICATION, DISTRIBUTION, ETC. (IMPRINT) |
| Place of publication, distribution, etc |
London : |
| Name of publisher, distributor, etc |
Arnold ; |
| Place of publication, distribution, etc |
New York : |
| Name of publisher, distributor, etc |
Oxford University Press, |
| Date of publication, distribution, etc |
2002. |
| 300 ## - PHYSICAL DESCRIPTION |
| Extent |
ix, 358 ; |
| 504 ## - BIBLIOGRAPHY, ETC. NOTE |
| Bibliography, etc |
Includes bibliographical references (p. [335]-350) and index. |
| 505 0# - FORMATTED CONTENTS NOTE |
| Formatted contents note |
Witnesses from the ghettos : an analysis of the sources -- The construction of the ghettos -- The reaction of the Jews to ghettoization -- The Judenräte -- The Jewish police -- Life in the ghettos -- Ghetto society : all equal? -- Life and death -- Work as salvation -- Round-ups, deportations and the elimination of the ghettos -- Resistance in the ghettos -- Conclusion : morality besieged. |
| 650 #0 - SUBJECT ADDED ENTRY--TOPICAL TERM |
| Topical term or geographic name as entry element |
Jews |
| General subdivision |
Persecutions |
| Geographic subdivision |
Europe, Eastern. |
| 9 (RLIN) |
50942 |
| 650 #0 - SUBJECT ADDED ENTRY--TOPICAL TERM |
| Topical term or geographic name as entry element |
Jewish ghettos |
| Geographic subdivision |
Europe, Eastern. |
| 9 (RLIN) |
50943 |
| 650 #0 - SUBJECT ADDED ENTRY--TOPICAL TERM |
| Topical term or geographic name as entry element |
Holocaust, Jewish (1939-1945) |
| Form subdivision |
Personal narratives. |
| 9 (RLIN) |
37589 |
| 651 #0 - SUBJECT ADDED ENTRY--GEOGRAPHIC NAME |
| Geographic name |
Europe, Eastern |
| General subdivision |
Ethnic relations. |
| 9 (RLIN) |
50944 |
| 856 42 - ELECTRONIC LOCATION AND ACCESS |
| Materials specified |
Publisher description |
| Uniform Resource Identifier |
<a href="http://www.loc.gov/catdir/enhancements/fy0615/2003267540-d.html">http://www.loc.gov/catdir/enhancements/fy0615/2003267540-d.html</a> |
| 856 42 - ELECTRONIC LOCATION AND ACCESS |
| Materials specified |
Book review (H-Net) |
| Uniform Resource Identifier |
<a href="http://www.h-net.org/reviews/showrev.php?id=17424">http://www.h-net.org/reviews/showrev.php?id=17424</a> |
| 906 ## - LOCAL DATA ELEMENT F, LDF (RLIN) |
| a |
7 |
| b |
cbc |
| c |
copycat |
| d |
2 |
| e |
ncip |
| f |
20 |
| g |
y-gencatlg |
| 942 ## - ADDED ENTRY ELEMENTS (KOHA) |
| Source of classification or shelving scheme |
Library of Congress Classification |
| Koha item type |
Monograph ( Printed materials) |